Llama And Alpaca Neonatal Care (Record no. 28604)

MARC details
000 -LEADER
campo de control de longitud fija 00324nam a2200133Ia 4500
005 - FECHA Y HORA DE LA ÚLTIMA TRANSACCIÓN
campo de control 20251222152655.0
008 - DATOS DE LONGITUD FIJA--INFORMACIÓN GENERAL
campo de control de longitud fija 251222s9999||||xx |||||||||||||| ||spa||
020 ## - NÚMERO INTERNACIONAL ESTÁNDAR DEL LIBRO
Número Internacional Estándar del Libro 964661837
082 ## - NÚMERO DE LA CLASIFICACIÓN DECIMAL DEWEY
Número de clasificación 636.296.6/B81/Ej.2
100 ## - ENTRADA PRINCIPAL--NOMBRE DE PERSONA
Nombre de persona Bradford, B. Smith
245 #0 - MENCIÓN DEL TÍTULO
Título Llama And Alpaca Neonatal Care
250 ## - MENCION DE EDICION
Mención de edición 2da.ed.
942 ## - ELEMENTOS DE ENTRADA SECUNDARIOS (KOHA)
Tipo de ítem Koha Libros
Holdings
Estatus retirado Estado de pérdida Estado de daño No para préstamo Biblioteca de origen Biblioteca actual Ubicación en estantería Fecha de adquisición Total de préstamos Signatura topográfica completa Código de barras Visto por última vez Precio de reemplazo Tipo de ítem Koha
        Biblioteca Nopoki Biblioteca Nopoki Programa 22/12/2025   636.296.6/B81/Ej.2 0025855 22/12/2025 22/12/2025 Libros